| 000 | 01364cam a2200241 4500 | ||
|---|---|---|---|
| 001 | ABS64993 | ||
| 008 | 020124n2002 000 0 eng u | ||
| 035 | _a(Sirsi) u116436 | ||
| 100 | _aGilbertson, B | ||
| 245 | _aIs the end nigh? | ||
| 260 | _c2002 | ||
| 490 |
_aEstates Gazette _v(0201) 5 January 2002, 60-63(2) |
||
| 520 | _aThe first article in a two part series on fighting recession. Argues that business managers who foresee potential problems facing their businesses will avoid going under in recession. Suggests that the increasingcomplexity of business means increased risk for businesses and more factors to consider. Provides a list of warning signs which include severe cash flow problems,stakeholder pressure and loss of key suppliers, customers, staff. Also outlines causes of business decline which can be internally or externally driven. Suggests that stabilising actions can be taken before the business losses cash resources, such as focusing on key performance indicators (KPI). Figures detailing a business demise curve and business risk factors. | ||
| 590 | _aABS | ||
| 650 | _aRECESSION | ||
| 650 | _aPROPERTY INDUSTRY | ||
| 650 | _aKEY PERFORMANCE INDICATORS | ||
| 650 | _aMANAGEMENT-BUSINESS MANAGEMENT | ||
| 650 | _aRISK MANAGEMENT | ||
| 690 | _aMANAGEMENT-BUSINESS MANAGEMENT | ||
| 700 | _aGercke, M | ||
| 942 | _n0 | ||
| 999 |
_c69359 _d69359 |
||